Angličtina konverzácia

Bibliographic Details
Corporate Author: Lingea (Bratislava, Slovensko) (Author)
Format: Book
Language:Slovak
Spanish
PhysicalDescription:191 strán 14 cm
Published: Bratislava Lingea s.r.o. 2019
ISBN:9788081452161
Edition:2. vydanie
Subjects:

MARC

LEADER 00000cam a2200000 4500
001 vtls012065148
003 SK-MaSNL
005 20260425231207.0
008 210811s2019 xo grdi 000 0 slo
015 |a SNBA2022/02 
020 |a 9788081452161  |q (brožované) 
040 |a SNK  |b slo  |c SNK  |e rda 
041 0 |a slo  |a spa 
044 |a xo  |c SK 
072 7 |a 81  |x Lingvistika. Jazyky  |2 konspekt 
080 |a 811.111  |2 2011 
080 |a 81'24  |2 2011 
080 |a 811.162.4  |2 2011 
080 |a (035)  |2 2011 
245 0 0 |a Angličtina  |b konverzácia  |c konverzáciu vytvoril autorský kolektív pracovníkov Lingea s.r.o. 
250 |a 2. vydanie 
264 1 |a Bratislava  |b Lingea s.r.o.  |c 2019 
300 |a 191 strán  |c 14 cm 
336 |a text  |b txt  |2 rdacontent 
337 |a bez média  |b n  |2 rdamedia 
338 |a zväzok  |b nc  |2 rdacarrier 
650 0 7 |a angličtina  |2 SNKPH  |9 1260 
650 0 7 |a English language  |2 SNKPHeng  |9 279139 
650 0 7 |a konverzácia  |2 SNKPH  |9 49849 
650 0 7 |a Conversation, terms and phrases  |2 SNKPHeng  |9 314419 
650 0 7 |a slovenčina  |2 SNKPH  |9 1350 
650 0 7 |a Slovak language  |2 SNKPHeng  |9 266031 
655 7 |a príručky  |2 SNKPH  |9 74364 
655 7 |a Handbooks, manuals, etc.  |2 SNKPHeng  |9 90964 
710 2 |a Lingea (Bratislava, Slovensko)  |4 aut  |9 216753 
919 |a 978-80-8145-216-1 
999 |c 697387  |d 699317 
952 |a SNK  |b SNK  |y PREZ  |7 0  |p 17A1456764  |o snkSE 13983  |i snk2021/10208  |8 0  |0 0  |1 0  |4 0  |d 2021-08-11  |f 1  |l 0  |r 2026-02-23 20:46:30  |w 2026-02-23 
952 |a SNK  |b SNK  |y VYP  |7 0  |p 17A1456765  |o snkSE 13983 D1  |i snk2021/10209  |8 0  |0 0  |1 0  |4 0  |d 2021-08-11  |l 0  |r 2026-02-23 20:46:30  |w 2026-02-23